Let freedom ring : (Record no. 3902)

MARC details
000 -LEADER
fixed length control field 00996nam a2200313Ia 4500
001 - CONTROL NUMBER
control field 191849419
003 - CONTROL NUMBER IDENTIFIER
control field OCoLC
005 - DATE AND TIME OF LATEST TRANSACTION
control field 20181123175215.0
008 - FIXED-LENGTH DATA ELEMENTS--GENERAL INFORMATION
fixed length control field 080206t20042002nyum b a001 0 eng d
010 ## - LIBRARY OF CONGRESS CONTROL NUMBER
Canceled/invalid LC control number 2002068107
020 ## - INTERNATIONAL STANDARD BOOK NUMBER
International Standard Book Number 0060735651 (pbk.)
020 ## - INTERNATIONAL STANDARD BOOK NUMBER
International Standard Book Number 9780060735654 (pbk.)
035 ## - SYSTEM CONTROL NUMBER
System control number 191849419
040 ## - CATALOGING SOURCE
Original cataloging agency ZXC
Transcribing agency ZXC
Modifying agency BAKER
-- TXE
043 ## - GEOGRAPHIC AREA CODE
Geographic area code n-us---
050 #4 - LIBRARY OF CONGRESS CALL NUMBER
Classification number E169.12
Item number .H363 2004
082 ## - DEWEY DECIMAL CLASSIFICATION NUMBER
Classification number 306.2
Item number H245L
100 1# - MAIN ENTRY--PERSONAL NAME
Personal name Hannity, Sean,
Dates associated with a name 1961-
245 10 - TITLE STATEMENT
Title Let freedom ring :
Remainder of title winning the war of liberty over liberalism /
Statement of responsibility, etc. Sean Hannity.
250 ## - EDITION STATEMENT
Edition statement 1st pbk. ed.
260 ## - PUBLICATION, DISTRIBUTION, ETC.
Place of publication, distribution, etc. New York :
Name of publisher, distributor, etc. Harper,
Date of publication, distribution, etc. 2004, c2002.
300 ## - PHYSICAL DESCRIPTION
Extent xiii, 338 p. ;
Dimensions 23 cm.
504 ## - BIBLIOGRAPHY, ETC. NOTE
Bibliography, etc. note Includes bibliographical references (p. [297]-326) and index.
650 #0 - SUBJECT ADDED ENTRY--TOPICAL TERM
Topical term or geographic name entry element Popular culture
Geographic subdivision United States.
651 #0 - SUBJECT ADDED ENTRY--GEOGRAPHIC NAME
Geographic name United States
General subdivision Civilization
Chronological subdivision 1970-
651 #0 - SUBJECT ADDED ENTRY--GEOGRAPHIC NAME
Geographic name United States
General subdivision Politics and government
Chronological subdivision 1989-
651 #0 - SUBJECT ADDED ENTRY--GEOGRAPHIC NAME
Geographic name United States
General subdivision Social conditions
Chronological subdivision 1980-
942 ## - ADDED ENTRY ELEMENTS (KOHA)
Source of classification or shelving scheme Dewey Decimal Classification
Koha item type Books
Holdings
Withdrawn status Lost status Source of classification or shelving scheme Damaged status Not for loan Collection code Home library Current library Shelving location Date acquired Cost, normal purchase price Total Checkouts Full call number Barcode Date last seen Price effective from Koha item type
    Dewey Decimal Classification   Not For Loan Non-fiction Harvest Mission College Harvest Mission College General Stacks 23.11.2018 1200.00   306.2 H245L 004499 23.11.2018 23.11.2018 Books

OPAC Designed and Maintained by HMC Library Team.
Copyright © HMC Library,Greater Noida, UP.
For any Suggestions/Query Contact library via Email:libhmc@gmail.com